Responses for Show #2419 - Thursday, February 23, 1995

Contestants

[<< previous game]

Scott Stechman, an attorney from Woodmere, New York

Amy Catherine Lufkin, an advertising executive from Frederick, Maryland

Tom Hennigan, a graduate assistant from Moscow, Idaho (whose 2-day cash winnings total $29,001)

[next game >>]

Jeopardy! Round responses

AMERICAN HISTORY
SPORTS
CATHEDRALS
TREES
ANNUAL EVENTS
FAMOUS LAST WORDS
    $100 15
Paul Revere

Amy Catherine
    $100 5
the Indianapolis 500

Amy Catherine
    $100 16
St. Paul's

Amy Catherine
    $100 1
oaks

Tom
    $100 10
Ohio

Tom
    $100 23
Napoleon

Amy Catherine
    $200 19
John Glenn

Tom
    $200 6
the Bulls

Scott
    $200 17
organist

Tom
    $200 2
dogwoods

Tom
    $200 11
(Harry) Houdini

Tom
    $200 24
John Brown

Scott
    $300 20
(Amy Catherine: What is... Russia?)

China

TomAmy Catherine
    $300 7
tennis

Amy Catherine
    $100 18
(Alex: Just the hundred? All right. The category is CATHEDRALS. I want you to... here's the clue.)
...
(Alex: Yes. I want you to identify it, but I didn't want to say it that way, because you might have forgotten to phrase it in the form of a question.)

St. Basil's

Tom
    $300 3
(Amy Catherine: What is basil?)

bay leaves

TomAmy Catherine
    $300 12
Carry Nation

Amy Catherine
    $300 25
A Tale of Two Cities

Amy Catherine
    $400 21
(Scott: Who is Cleveland?)

William McKinley

Scott
Triple Stumper
    $400 8
the high jump

Amy Catherine
    $400 28
stained glass windows

Amy Catherine
    $400 4
the olive tree

Amy Catherine
    $400 13
St. Augustine

Tom
    $400 26
Darwin

Tom
    $500 22
the Kansas-Nebraska Act

Triple Stumper
    $500 9
George Steinbrenner

Amy Catherine
    $500 29
Turin (Italy)

Tom
    $500 30
(Alex: They grow fast, and they grow tall.)

Eucalyptus

Triple Stumper
    $500 14
Louisiana

Tom
    $500 27
Jefferson

Scott

Scores at the first commercial break (after clue 15):

Tom Amy Catherine Scott
$1,800 $1,800 $200

Scores at the end of the Jeopardy! Round:

Tom Amy Catherine Scott
$3,500 $2,400 $500

Double Jeopardy! Round responses

1947
MAGAZINES
BALLET DANCERS
REPUBLICANS
AFRICA
FICTIONAL DETECTIVES
    $200 1
[Alex clarifies that "FOF" stands for "Facts on File".]

Argentina

Amy Catherine
    $200 2
Nickelodeon

Scott
    $200 16
Fonteyn

Tom
    $200 9
Oliver North

Scott
    $200 26
Egypt

Scott
    $200 5
Oxford

Tom
    $400 15
Thomas Edison

Amy Catherine
    $400 3
Forbes magazine

Amy Catherine
    $400 18
Gelsey Kirkland

Amy Catherine
    $400 10
Dole

Scott
    $400 27
South Africa

Amy Catherine
    $400 6
Charlie Chan

Tom
    $600 17
the Kon-Tiki

Amy Catherine
    $600 4
Monthly

Tom
    $600 19
The Prodigal Son

Amy Catherine
    $600 11
Goldwater

Tom
    $600 28
(Scott: What is Bosnia?)
...
(Alex: Yes, the category is AFRICA.)

Somalia

TomScott
    $600 7
Philip Marlowe

Scott
    $800 22
(Alex: Whenever you have an "U", you should be thinking of [*]. Scott, back to yuo.)

Burma

Triple Stumper
    $800 13
(Amy Catherine: What is [*] and... Farm Digest?)

Reader's Digest & Golf Digest (& Soap Opera Digest)

Amy CatherineScott
    $800 20
(Amy Catherine: What is Swan Lake?)

The Firebird

Amy CatherineScott
    $700 24
(Tom: Who was, um...)
(Alex: Say something.)
(Tom: Stone?)
...
(Alex: See, if you had pulled out that $10,000 bill from your pocket, you would have known immediately.)
[Laughter]

Salmon P. Chase

Tom
    $800 29
(Amy Catherine: [*]?)
(Alex: No. Tom or Scott? Amy Catherine, you're going to hate me or yourself on this one. You did not phrase it in the form of a question. In the Double Jeopardy! Round--)
(Amy Catherine: I hate myself, Alex.)
(Alex: --we can't, uh, accept it.)

The Organization of African Unity

Amy Catherine
Triple Stumper
    $800 8
(Tom: Who is Miles Archer? Who is Ar--)
(Alex: [Overlapping] No. No.)
...
(Alex: You were sort of on the right track, but you got it backwards, Tom. We were going for [*], who was named for Miles Archer, who was Sam Spade's partner.)

Lew Archer

Tom
Triple Stumper
    $1000 23
(Margaret) Sanger

Tom
    $1000 14
Conde Nast

Scott
    $1000 21
The Red Shoes

Scott
    $1000 25
(Alex: That's right, and we have about a minute left.)

Iowa

Amy Catherine
    $600 30
Zaire

Tom
    $1000 12
(C. Auguste) Dupin

Tom

Scores at the end of the Double Jeopardy! Round:

Tom Amy Catherine Scott
$7,200 $4,000 $5,100

[wagering suggestions for these scores]

Final Jeopardy! Round responses

ARTISTS
(Alex: [To Scott] Yes, we're talking about an Impressionist artist.)
Amy CatherineWho is Grandma Moses?
$3,999
ScottWho is Mary Cassat
$5,000
TomWho is O'Keefe
$5,101
Mary Cassatt

Final scores:

Tom Amy Catherine Scott
$2,099 $1 $10,100
2nd place: General Instrument satellite TV system + Samsung 27" color television with surround sound, noise reduction & on-screen digital picture control + the Jeopardy! home game 3rd place: Elcombe International MainStreet Messenger personal emergency response system packaged in a user-friendly phone + the Jeopardy! home game New champion: $10,100

Game dynamics:

Coryat scores:

Tom Amy Catherine Scott
$8,500 $4,000 $5,100
22 R
(including 2 DDs),
2 W
(including 1 DD)
19 R,
5 W
12 R,
2 W

Combined Coryat: $17,600

[game clues] [game scores] [suggest correction]

Game tape date: 1994-11-15
The J! Archive is created by fans, for fans. Scraping, republication, monetization, and malicious use prohibited; this site may use cookies and collect identifying information. See terms. The Jeopardy! game show and all elements thereof, including but not limited to copyright and trademark thereto, are the property of Jeopardy Productions, Inc. and are protected under law. This website is not affiliated with, sponsored by, or operated by Jeopardy Productions, Inc. Join the discussion at JBoard.tv.